| 000 | 00356nam a2200145Ia 4500 | ||
|---|---|---|---|
| 008 | 230718s9999 xx 000 0 und d | ||
| 041 | _aEng. | ||
| 082 |
_a340.19 _bHAS-T |
||
| 100 | _aHassan,Syed | ||
| 245 | 4 | _aThe reconstraction of legal thoughts in islam | |
| 260 |
_aPakistan _bPunjab law book _c1997 |
||
| 300 | _a420 | ||
| 650 | _aLaw | ||
| 999 |
_c30191 _d30191 |
||